|
|
|
|
| LEADER |
00000npc a22000002 4500 |
| 001 |
LR12048952X |
| 003 |
PipeLineGenerated |
| 005 |
20260417054436.0 |
| 008 |
190606s2019 xx ||||| 00| ||ger c |
| 100 |
|
|
|a Altwegg, Jürg
|0 (DE-588)12048952X
|0 (DE-627)080707319
|d 1951-
|
| 245 |
|
|
|a Archivmaterialien zu Jürg Altwegg, 1951-
|
| 856 |
|
|
|u https://kalliope-verbund.info/gnd/12048952X
|3 Archivdatenbank (Kalliope Verbundkatalog)
|
| 856 |
|
|
|u https://www.archivportal-d.de/person/gnd/12048952X
|3 Archivdatenbank (Archivportal-D)
|
| BIB |
|
|
|a 1
|o create_literary_remains_records
|
| CAN |
|
|
|a 1
|o create_literary_remains_records
|
| ELC |
|
|
|a 1
|
| REL |
|
|
|a 1
|o create_literary_remains_records
|
| SUB |
|
|
|a CAN
|a BIB
|a REL
|